| 000 | 01113nam a22002897a 4500 | ||
|---|---|---|---|
| 999 |
_c20907 _d20907 |
||
| 005 | 20200311043154.0 | ||
| 008 | 200310b xxu||||| |||| 00| 0 spa d | ||
| 020 | _a9789588964409 | ||
| 040 |
_aCO-BoIAVH _cCO-BoIAVH |
||
| 041 | _aspa | ||
| 044 | _ack | ||
| 082 |
_a307.3416 _bA16l |
||
| 110 | _aAlcaldía Mayor de Bogotá | ||
| 245 |
_aLagos de Tunjuelo _bRecuperando espacios, transformando vidas _cAlcaldía Mayor de Bogotá, y otros |
||
| 260 |
_aBogotá: _bSecretaría de Planeación, _c2019. |
||
| 300 |
_a199 páginas, _bFotografías, planos, ilustraciones _c22.1 x 22 cm |
||
| 650 | 0 | _aRío Tunjuelo | |
| 650 | 0 | _aConservación y protección | |
| 650 | 0 | _aRestauración ambiental | |
| 650 | 0 | _aUrbanización | |
| 710 | _aSecretaría de planeación | ||
| 710 | _aSecretaría Distrital de Ambiente | ||
| 710 | _aEmpresa de Acueducto y Alcantarillado de Bogotá | ||
| 710 | _aInstituto de Desarrollo Urbano-IDU | ||
| 710 | _aInstituto Distrital de Gestión de Riesgos y Cambio Climático - IDIGER | ||
| 942 |
_2ddc _cLIBRO |
||